| 000 | 00963nam1a22002411i 4500 | ||
|---|---|---|---|
| 001 | v19\rc\2041180 | ||
| 005 | 20240726065723.0 | ||
| 035 | _a(NLR Aleph) 005121110 | ||
| 090 |
_a7594511 _c7594511 |
||
| 100 | _a20081111g19021903|||y0rusy50 ca | ||
| 101 | 0 | _arus | |
| 102 | _aRU | ||
| 105 | _ay z ||||| | ||
| 200 | 1 |
_a[Доклады] _fСъезд представителей о-в вспомоществования лицам учительского звания 1902/9 уч. г., в Москве |
|
| 210 |
_a[Москва] _d[1902]-[1903] |
||
| 215 | _d22 | ||
| 309 | _aБез тит. л. и обл. | ||
| 540 | 1 | _aДоклады | |
| 710 | 1 | 2 |
_aВсероссийский съезд представителей обществ вспомоществования лицам учительского звания _d1 _f1902-1903 _eМосква |
| 801 | 0 |
_aRU _bNLR _gpsbo |
|
| 801 | 1 |
_aRU _bProSoft-M _2rusmarc |
|
| 852 |
_aNLR _jШифры разные |
||
| 942 | _cBOOK | ||